[Event "Nationale pupillendag 2013"]
[Site "Roosendaal"]
[Date "2013.06.15"]
[Round "4.1"]
[White "Janse, Circe"]
[Black "Muntean, Victor"]
[Result "0-1"]
[LiveChessVersion "1.4.2"]
[BlackElo "961"]
[WhiteElo "585"]

1. e4 {[%clk 0:19:59]} e5 {[%clk 0:19:58]} 2. Nf3 {[%clk 0:19:56]} Nc6
{[%clk 0:19:56]} 3. d4 {[%clk 0:19:54]} exd4 {[%clk 0:19:52]} 4. Nxd4
{[%clk 0:19:52]} Nxd4 {[%clk 0:19:47]} 5. Qxd4 {[%clk 0:19:48]} c5
{[%clk 0:19:44]} 6. Qc3 {[%clk 0:19:35]} d5 {[%clk 0:19:38]} 7. exd5
{[%clk 0:19:31]} Qxd5 {[%clk 0:19:35]} 8. Bc4 {[%clk 0:19:27]} Qxg2
{[%clk 0:19:29]} 9. Rf1 {[%clk 0:19:18]} Bh3 {[%clk 0:19:21]} 10. Be3
{[%clk 0:18:45]} Bd6 {[%clk 0:19:05]} 11. Nd2 {[%clk 0:18:35]} Nf6
{[%clk 0:19:01]} 12. O-O-O {[%clk 0:18:29]} Nd5 {[%clk 0:18:42]} 13. Bxd5
{[%clk 0:18:11]} Qxd5 {[%clk 0:18:39]} 14. Rg1 {[%clk 0:18:01]} Be5
{[%clk 0:18:28]} 15. Qxc5 {[%clk 0:17:49]} Qxc5 {[%clk 0:18:20]} 16. Bxc5
{[%clk 0:17:44]} Rc8 {[%clk 0:18:11]} 17. Bxa7 {[%clk 0:17:39]} Bf5
{[%clk 0:18:07]} 18. c3 {[%clk 0:17:22]} Ra8 {[%clk 0:17:47]} 19. Rde1
{[%clk 0:17:09]} O-O {[%clk 0:17:31]} 20. Rxe5 {[%clk 0:17:04]} Rxa7
{[%clk 0:17:27]} 21. Rxf5 {[%clk 0:17:01]} Rxa2 {[%clk 0:17:24]} 22. Rfg5
{[%clk 0:16:50]} g6 {[%clk 0:17:08]} 23. Ne4 {[%clk 0:16:34]} h6 {[%clk 0:17:01]}
24. R5g3 {[%clk 0:16:21]} Rfa8 {[%clk 0:16:50]} 25. Rh3 {[%clk 0:16:15]} Ra1+
{[%clk 0:16:47]} 26. Kc2 {[%clk 0:15:57]} Rxg1 {[%clk 0:16:43]} 27. Rxh6
{[%clk 0:15:55]} Kg7 {[%clk 0:16:41]} 28. Rh4 {[%clk 0:15:49]} f5
{[%clk 0:16:36]} 29. Nd6 {[%clk 0:15:41]} Rg2 {[%clk 0:16:26]} 30. Nxb7
{[%clk 0:15:36]} Rxf2+ {[%clk 0:16:22]} 31. Kd3 {[%clk 0:15:33]} Ra7
{[%clk 0:16:17]} 32. Ke3 {[%clk 0:15:14]} Rxb2 {[%clk 0:16:05]} 33. Nd6
{[%clk 0:15:06]} Re7+ {[%clk 0:16:00]} 34. Kf4 {[%clk 0:14:55]} Rf2+
{[%clk 0:15:41]} 35. Kg5 {[%clk 0:14:52]} Rd7 {[%clk 0:15:16]} 36. Ne8+
{[%clk 0:14:43]} Kf7 {[%clk 0:15:12]} 37. Nf6 {[%clk 0:14:40]} Rd6
{[%clk 0:14:57]} 38. Rh7+ {[%clk 0:14:30]} Ke6 {[%clk 0:14:42]} 39. Ne8
{[%clk 0:14:05]} Rd1 {[%clk 0:14:23]} 40. Nc7+ {[%clk 0:13:52]} Ke5
{[%clk 0:14:17]} 41. Re7+ {[%clk 0:13:48]} Kd6 {[%clk 0:14:14]} 42. Rg7
{[%clk 0:13:43]} Rg1+ {[%clk 0:14:05]} 43. Kf6 {[%clk 0:13:39]} Rxh2
{[%clk 0:13:39]} 44. Ne8+ {[%clk 0:13:26]} Kd5 {[%clk 0:13:35]} 45. Nc7+
{[%clk 0:13:11]} Kc4 46. Na6 {[%clk 0:12:58]} Rd2 {[%clk 0:13:18]} 47. Rc7+
{[%clk 0:12:54]} Kb5 {[%clk 0:13:13]} 48. Nb4 {[%clk 0:12:02]} Rd6+
{[%clk 0:12:52]} 49. Ke7 {[%clk 0:11:56]} Rdd1 {[%clk 0:12:33]} 50. Rb7+
{[%clk 0:11:46]} Kc4 {[%clk 0:12:28]} 51. Rc7+ {[%clk 0:11:41]} Kb3
{[%clk 0:12:25]} 52. Rb7 {[%clk 0:11:26]} f4 {[%clk 0:12:19]} 53. Nd5+
{[%clk 0:11:21]} Kc4 {[%clk 0:12:09]} 54. Nxf4 {[%clk 0:11:19]} Rge1+
{[%clk 0:12:01]} 55. Kf6 {[%clk 0:11:12]} Rd6+ {[%clk 0:11:50]} 56. Kg5
{[%clk 0:11:00]} Rg1+ {[%clk 0:11:38]} 57. Kh6 {[%clk 0:10:51]} g5+
{[%clk 0:11:31]} 58. Kh5 {[%clk 0:10:41]} gxf4 {[%clk 0:11:26]} 59. Rc7+
{[%clk 0:10:37]} Kb3 {[%clk 0:11:22]} 60. Rb7+ {[%clk 0:10:35]} Kxc3
{[%clk 0:11:19]} 61. Rc7+ {[%clk 0:10:33]} Kd4 {[%clk 0:11:17]} 62. Rf7
{[%clk 0:10:25]} Rd8 {[%clk 0:11:08]} 63. Rxf4+ {[%clk 0:10:21]} Ke5
{[%clk 0:11:06]} 64. Rh4 {[%clk 0:10:13]} Rh8# 0-1

[Event "Nationale pupillendag 2013"]
[Site "Roosendaal"]
[Date "2013.06.15"]
[Round "4.2"]
[White "Schoppen, Jochem"]
[Black "Sagynay, Inzhu"]
[Result "1-0"]
[LiveChessVersion "1.4.2"]
[BlackElo "560"]
[WhiteElo "947"]

1. e4 {[%clk 0:19:59]} e5 {[%clk 0:19:59]} 2. Nf3 {[%clk 0:19:57]} Nc6
{[%clk 0:19:58]} 3. Bb5 {[%clk 0:19:54]} Nf6 {[%clk 0:19:55]} 4. O-O
{[%clk 0:19:50]} Nxe4 {[%clk 0:19:52]} 5. d4 {[%clk 0:19:46]} Nd6
{[%clk 0:19:22]} 6. Bxc6 {[%clk 0:19:35]} bxc6 {[%clk 0:18:57]} 7. dxe5
{[%clk 0:19:30]} Nb5 {[%clk 0:18:42]} 8. a4 {[%clk 0:19:19]} Ba6 {[%clk 0:17:09]}
9. axb5 {[%clk 0:19:14]} Bxb5 {[%clk 0:17:08]} 10. Re1 {[%clk 0:19:10]} Be7
{[%clk 0:17:05]} 11. Nc3 {[%clk 0:19:01]} O-O {[%clk 0:16:57]} 12. Nd4
{[%clk 0:18:43]} Bb4 {[%clk 0:15:40]} 13. Ndxb5 {[%clk 0:18:23]} cxb5
{[%clk 0:15:35]} 14. Bd2 {[%clk 0:18:13]} c6 {[%clk 0:14:42]} 15. Ne4
{[%clk 0:18:02]} Bxd2 {[%clk 0:13:18]} 16. Qxd2 {[%clk 0:18:00]} Re8
{[%clk 0:13:08]} 17. Nc5 {[%clk 0:17:55]} Re7 {[%clk 0:11:43]} 18. Rad1
{[%clk 0:17:34]} Qc7 {[%clk 0:10:25]} 19. Qd6 {[%clk 0:16:57]} Qxd6
{[%clk 0:07:14]} 20. exd6 {[%clk 0:16:49]} Rxe1+ {[%clk 0:06:54]} 21. Rxe1
{[%clk 0:16:47]} Rd8 {[%clk 0:06:28]} 22. Nxd7 {[%clk 0:16:41]} h6
{[%clk 0:06:15]} 23. Re7 {[%clk 0:16:23]} a5 {[%clk 0:03:13]} 24. Kf1
{[%clk 0:16:02]} b4 {[%clk 0:02:37]} 25. Ke2 {[%clk 0:15:58]} a4 {[%clk 0:02:29]}
26. Kd3 {[%clk 0:15:54]} a3 {[%clk 0:01:35]} 27. bxa3 {[%clk 0:15:50]} bxa3
{[%clk 0:01:34]} 28. Kc3 {[%clk 0:15:47]} Ra8 {[%clk 0:01:26]} 29. Nc5
{[%clk 0:15:04]} a2 {[%clk 0:01:00]} 30. Nb3 {[%clk 0:15:00]} a1=Q+
{[%clk 0:00:47]} 31. Nxa1 {[%clk 0:14:59]} Rxa1 {[%clk 0:00:46]} 32. d7 Ra8
{[%clk 0:00:43]} 33. Re8+ {[%clk 0:14:55]} Rxe8 {[%clk 0:00:41]} 34. dxe8=Q+ Kh7
35. Qxc6 {[%clk 0:14:43]} f6 {[%clk 0:00:37]} 36. Kd4 {[%clk 0:14:40]} g5
{[%clk 0:00:35]} 37. Qxf6 {[%clk 0:14:37]} g4 {[%clk 0:00:25]} 38. Ke5
{[%clk 0:14:34]} g3 {[%clk 0:00:18]} 39. hxg3 {[%clk 0:14:27]} h5
{[%clk 0:00:12]} 40. Ke6 {[%clk 0:14:25]} h4 {[%clk 0:00:08]} 41. Kf7
{[%clk 0:14:23]} hxg3 {[%clk 0:00:00]} 42. Qh4# {[%clk 0:14:20]} 1-0

[Event "Nationale pupillendag 2013"]
[Site "Roosendaal"]
[Date "2013.06.15"]
[Round "4.3"]
[White "Kudlicka, Marek"]
[Black "Nguyen, Lucas"]
[Result "0-1"]
[LiveChessVersion "1.4.2"]
[BlackElo "1104"]
[WhiteElo "617"]

1. e4 {[%clk 0:19:59]} c5 {[%clk 0:20:00]} 2. Nf3 {[%clk 0:19:57]} Nc6
{[%clk 0:19:59]} 3. Bc4 {[%clk 0:19:54]} g6 {[%clk 0:19:58]} 4. Ng5
{[%clk 0:19:51]} e6 {[%clk 0:19:57]} 5. Nc3 {[%clk 0:19:47]} Qxg5
{[%clk 0:19:55]} 6. O-O {[%clk 0:19:41]} Qd8 {[%clk 0:19:48]} 7. d3
{[%clk 0:19:36]} Bg7 {[%clk 0:19:46]} 8. h3 {[%clk 0:19:25]} Nf6 {[%clk 0:19:40]}
9. Bg5 {[%clk 0:19:19]} O-O {[%clk 0:19:35]} 10. Bxf6 {[%clk 0:19:15]} Qxf6
{[%clk 0:19:29]} 11. Qd2 {[%clk 0:19:11]} a6 {[%clk 0:19:17]} 12. a4
{[%clk 0:19:02]} d6 13. b3 {[%clk 0:18:36]} Qxc3 {[%clk 0:19:07]} 14. Qxc3
{[%clk 0:18:34]} Bxc3 {[%clk 0:19:03]} 15. Rac1 {[%clk 0:18:31]} Bd7
{[%clk 0:18:55]} 16. Rb1 {[%clk 0:18:19]} Nb4 {[%clk 0:18:51]} 17. f4
{[%clk 0:18:09]} Bd4+ {[%clk 0:18:46]} 18. Kh2 {[%clk 0:18:02]} Nxc2
{[%clk 0:18:45]} 19. Rbc1 {[%clk 0:17:46]} Nb4 {[%clk 0:18:37]} 20. Rf3
{[%clk 0:17:38]} b5 {[%clk 0:18:14]} 21. axb5 {[%clk 0:16:26]} axb5
{[%clk 0:18:13]} 22. Bxb5 {[%clk 0:16:00]} Bxb5 {[%clk 0:18:12]} 23. Rg3
{[%clk 0:15:48]} Bxd3 {[%clk 0:18:07]} 24. h4 {[%clk 0:15:40]} Bxe4
{[%clk 0:18:03]} 25. Re1 {[%clk 0:15:35]} Bc2 26. h5 e5 {[%clk 0:17:52]} 27. fxe5
{[%clk 0:15:26]} Bxe5 {[%clk 0:17:49]} 28. Rxe5 {[%clk 0:15:04]} dxe5
{[%clk 0:17:48]} 29. hxg6 {[%clk 0:15:00]} fxg6 {[%clk 0:17:47]} 30. Kh3
{[%clk 0:14:57]} Bf5+ {[%clk 0:17:36]} 31. Kh2 {[%clk 0:14:55]} Ra1
{[%clk 0:17:34]} 32. Rc3 {[%clk 0:14:48]} Na6 {[%clk 0:17:22]} 33. Re3
{[%clk 0:14:37]} h5 {[%clk 0:17:12]} 34. Rxe5 {[%clk 0:14:34]} h4
{[%clk 0:17:11]} 35. Re3 {[%clk 0:14:20]} Rd8 {[%clk 0:17:08]} 36. g3
{[%clk 0:14:16]} Rd2+ {[%clk 0:16:57]} 37. Re2 {[%clk 0:14:11]} Rxe2#
{[%clk 0:16:54]} 0-1

[Event "Nationale pupillendag 2013"]
[Site "Roosendaal"]
[Date "2013.06.15"]
[Round "4.4"]
[White "Rutjens, Mika"]
[Black "Willemse, Shamati"]
[Result "1-0"]
[LiveChessVersion "1.4.2"]
[BlackElo "626"]
[WhiteElo "613"]

1. e4 {[%clk 0:20:00]} e5 {[%clk 0:19:59]} 2. Nf3 {[%clk 0:19:58]} Nc6
{[%clk 0:19:57]} 3. d4 {[%clk 0:19:57]} Nf6 {[%clk 0:19:53]} 4. dxe5
{[%clk 0:19:56]} Ng4 {[%clk 0:19:48]} 5. h3 {[%clk 0:19:48]} Ngxe5
{[%clk 0:19:45]} 6. Nxe5 {[%clk 0:19:46]} Nxe5 {[%clk 0:19:42]} 7. Nc3
{[%clk 0:19:37]} Bb4 {[%clk 0:19:37]} 8. a3 {[%clk 0:19:36]} Ba5 {[%clk 0:19:36]}
9. b4 {[%clk 0:19:34]} Bb6 {[%clk 0:19:34]} 10. Bd3 {[%clk 0:19:18]} Nxd3+
{[%clk 0:19:28]} 11. Qxd3 {[%clk 0:19:11]} O-O {[%clk 0:19:23]} 12. O-O
{[%clk 0:19:07]} d6 {[%clk 0:19:22]} 13. a4 {[%clk 0:18:49]} Be6 {[%clk 0:19:16]}
14. a5 {[%clk 0:18:43]} Bxf2+ {[%clk 0:19:01]} 15. Rxf2 {[%clk 0:18:37]} Qd7
{[%clk 0:18:54]} 16. Qg3 {[%clk 0:18:09]} g6 {[%clk 0:18:46]} 17. Bh6
{[%clk 0:17:59]} Rfe8 {[%clk 0:18:44]} 18. Raf1 {[%clk 0:17:43]} Re7
{[%clk 0:18:36]} 19. Bg5 {[%clk 0:17:29]} Ree8 {[%clk 0:18:29]} 20. Qh4
{[%clk 0:16:57]} Rac8 {[%clk 0:18:14]} 21. Qh6 {[%clk 0:16:52]} Rf8
{[%clk 0:17:43]} 22. Bf6 {[%clk 0:16:48]} Qe7 {[%clk 0:17:01]} 23. Qg7# 1-0

[Event "Nationale pupillendag 2013"]
[Site "Roosendaal"]
[Date "2013.06.15"]
[Round "4.5"]
[White "Smith, Everett"]
[Black "Kentstra, Marc"]
[Result "0-1"]
[LiveChessVersion "1.4.2"]
[BlackElo "647"]
[WhiteElo "853"]

1. e4 {[%clk 0:19:54]} e5 {[%clk 0:19:58]} 2. Nf3 {[%clk 0:19:51]} Nc6
{[%clk 0:19:55]} 3. Bc4 {[%clk 0:19:46]} Bc5 {[%clk 0:19:52]} 4. O-O
{[%clk 0:19:41]} Nf6 {[%clk 0:19:50]} 5. Nc3 {[%clk 0:19:38]} d6 {[%clk 0:19:47]}
6. h3 {[%clk 0:19:36]} Be6 {[%clk 0:19:44]} 7. Bxe6 {[%clk 0:19:27]} fxe6
{[%clk 0:19:39]} 8. d3 {[%clk 0:19:25]} h6 {[%clk 0:19:34]} 9. Bd2
{[%clk 0:19:07]} Qe7 {[%clk 0:19:27]} 10. Qe2 {[%clk 0:19:01]} O-O-O
{[%clk 0:19:24]} 11. a3 {[%clk 0:18:33]} Bd4 {[%clk 0:18:52]} 12. b4
{[%clk 0:18:08]} Bxc3 {[%clk 0:18:41]} 13. Bxc3 {[%clk 0:18:02]} Rd7
{[%clk 0:17:51]} 14. b5 {[%clk 0:17:31]} Nd8 {[%clk 0:17:49]} 15. a4
{[%clk 0:17:01]} g5 {[%clk 0:17:37]} 16. a5 {[%clk 0:16:33]} g4 {[%clk 0:17:33]}
17. hxg4 {[%clk 0:16:16]} Nxg4 {[%clk 0:17:21]} 18. b6 {[%clk 0:16:10]} a6
{[%clk 0:17:10]} 19. bxc7 {[%clk 0:15:52]} Rxc7 {[%clk 0:17:07]} 20. Bb4
{[%clk 0:15:10]} h5 {[%clk 0:16:34]} 21. Ra3 {[%clk 0:13:56]} h4 {[%clk 0:16:24]}
22. Rc3 {[%clk 0:13:02]} Rxc3 {[%clk 0:16:03]} 23. Bxc3 {[%clk 0:12:54]} h3
{[%clk 0:15:57]} 24. gxh3 {[%clk 0:12:11]} Rxh3 {[%clk 0:15:38]} 25. Kg2
{[%clk 0:11:44]} Qh7 {[%clk 0:15:22]} 26. Rg1 {[%clk 0:08:48]} Rh2+
{[%clk 0:14:42]} 27. Nxh2 {[%clk 0:08:27]} Qxh2+ {[%clk 0:14:29]} 28. Kf1
{[%clk 0:08:06]} Qh3+ {[%clk 0:14:20]} 29. Ke1 {[%clk 0:07:42]} Nh2
{[%clk 0:14:01]} 30. Bb4 {[%clk 0:06:38]} Nf3+ {[%clk 0:13:56]} 31. Kd1
{[%clk 0:06:03]} Nxg1 {[%clk 0:13:52]} 32. Bxd6 {[%clk 0:05:38]} Nxe2
{[%clk 0:13:49]} 33. Kxe2 {[%clk 0:05:26]} Kd7 {[%clk 0:13:37]} 34. Bxe5
{[%clk 0:05:19]} Qh5+ {[%clk 0:13:34]} 35. Ke3 {[%clk 0:05:13]} Qxe5
{[%clk 0:13:31]} 36. f4 {[%clk 0:04:35]} Qxa5 {[%clk 0:13:25]} 37. c4
{[%clk 0:04:22]} e5 {[%clk 0:13:20]} 38. f5 {[%clk 0:04:17]} Qe1+ 39. Kf3 Nf7
{[%clk 0:13:08]} 40. Kg4 {[%clk 0:04:11]} Qg1+ {[%clk 0:13:04]} 41. Kh4
{[%clk 0:03:50]} Qg5+ {[%clk 0:13:02]} 42. Kh3 {[%clk 0:03:47]} Nh6
{[%clk 0:12:53]} 43. Kh2 {[%clk 0:03:28]} a5 {[%clk 0:12:51]} 44. f6
{[%clk 0:03:27]} Qxf6 {[%clk 0:12:49]} 45. d4 {[%clk 0:03:24]} exd4
{[%clk 0:12:47]} 46. e5 {[%clk 0:03:23]} Qxe5+ {[%clk 0:12:44]} 47. Kh1
{[%clk 0:03:21]} a4 {[%clk 0:12:43]} 48. c5 {[%clk 0:03:19]} Qxc5
{[%clk 0:12:40]} 49. Kh2 {[%clk 0:03:16]} Qg5 {[%clk 0:12:34]} 50. Kh1
{[%clk 0:03:00]} Qg4 {[%clk 0:12:33]} 51. Kh2 {[%clk 0:02:55]} a3
{[%clk 0:12:31]} 52. Kh1 {[%clk 0:02:46]} a2 {[%clk 0:12:30]} 53. Kh2
{[%clk 0:02:44]} Nf7 {[%clk 0:12:29]} 54. Kh1 {[%clk 0:02:40]} a1=Q+
{[%clk 0:12:24]} 55. Kh2 {[%clk 0:02:38]} Qag1# {[%clk 0:20:00]} 0-1

[Event "Nationale pupillendag 2013"]
[Site "Roosendaal"]
[Date "2013.06.15"]
[Round "4.6"]
[White "Huang, Qian"]
[Black "Van Dijk, Julian"]
[Result "1-0"]
[LiveChessVersion "1.4.2"]
[BlackElo "696"]
[WhiteElo "686"]

1. e4 {[%clk 0:19:59]} b6 {[%clk 0:19:59]} 2. d3 {[%clk 0:19:55]} Bb7
{[%clk 0:19:57]} 3. g3 {[%clk 0:19:48]} g6 {[%clk 0:19:56]} 4. Bg2
{[%clk 0:19:47]} Bg7 {[%clk 0:19:55]} 5. Nc3 {[%clk 0:19:42]} Nf6
{[%clk 0:19:54]} 6. Nf3 {[%clk 0:19:40]} O-O {[%clk 0:19:52]} 7. O-O
{[%clk 0:19:37]} Nc6 {[%clk 0:19:51]} 8. e5 {[%clk 0:19:31]} Ng4 {[%clk 0:19:45]}
9. h3 {[%clk 0:19:28]} Ngxe5 {[%clk 0:19:44]} 10. Nxe5 {[%clk 0:19:26]} Bxe5
{[%clk 0:19:40]} 11. Qe1 {[%clk 0:19:21]} Bg7 {[%clk 0:19:38]} 12. Bh1
{[%clk 0:19:03]} e6 {[%clk 0:19:32]} 13. Rb1 {[%clk 0:18:54]} Qe7
{[%clk 0:19:16]} 14. b3 {[%clk 0:18:49]} Qb4 {[%clk 0:19:13]} 15. Bb2
{[%clk 0:18:43]} Qa5 {[%clk 0:19:08]} 16. a3 {[%clk 0:18:34]} Bxc3
{[%clk 0:19:01]} 17. Qxc3 {[%clk 0:18:28]} Qxc3 {[%clk 0:18:58]} 18. Bxc3
{[%clk 0:18:26]} d5 {[%clk 0:18:52]} 19. Bg2 {[%clk 0:18:24]} d4 {[%clk 0:18:51]}
20. Bb2 {[%clk 0:18:20]} a5 {[%clk 0:18:48]} 21. c3 {[%clk 0:18:19]} dxc3
{[%clk 0:18:44]} 22. Bxc3 {[%clk 0:18:17]} b5 23. Ra1 {[%clk 0:18:09]} b4
{[%clk 0:18:35]} 24. axb4 {[%clk 0:18:07]} axb4 {[%clk 0:18:34]} 25. Rxa8
{[%clk 0:18:05]} Bxa8 {[%clk 0:18:31]} 26. Bb2 {[%clk 0:18:02]} Bb7
{[%clk 0:18:26]} 27. Rc1 {[%clk 0:17:57]} Rd8 {[%clk 0:18:09]} 28. Bxc6
{[%clk 0:17:53]} Bxc6 {[%clk 0:18:08]} 29. Rxc6 {[%clk 0:17:50]} Rxd3
{[%clk 0:18:05]} 30. Rxc7 {[%clk 0:17:49]} h5 {[%clk 0:18:03]} 31. Rc4
{[%clk 0:17:19]} Rxb3 {[%clk 0:17:57]} 32. Bc1 {[%clk 0:17:18]} Rb1
{[%clk 0:17:53]} 33. Kg2 {[%clk 0:17:11]} b3 {[%clk 0:17:51]} 34. Bd2
{[%clk 0:16:56]} b2 {[%clk 0:17:44]} 35. Rb4 {[%clk 0:16:54]} f5 {[%clk 0:17:37]}
36. Bc3 {[%clk 0:16:51]} Kf7 {[%clk 0:17:27]} 37. Rxb2 {[%clk 0:16:46]} Rc1
{[%clk 0:17:25]} 38. Bd2 {[%clk 0:16:38]} Rc5 {[%clk 0:17:22]} 39. Rb7+
{[%clk 0:16:29]} Kf6 {[%clk 0:17:20]} 40. Be3 {[%clk 0:16:23]} Re5
{[%clk 0:17:14]} 41. Bd4 {[%clk 0:16:21]} h4 {[%clk 0:17:03]} 42. Rb5
{[%clk 0:16:16]} Kg5 {[%clk 0:16:58]} 43. Rxe5 {[%clk 0:16:13]} hxg3
{[%clk 0:16:56]} 44. fxg3 {[%clk 0:16:11]} Kf6 {[%clk 0:16:53]} 45. Rc5+
{[%clk 0:16:06]} Ke7 {[%clk 0:16:44]} 46. g4 {[%clk 0:15:55]} f4 {[%clk 0:16:41]}
47. Kf3 {[%clk 0:15:53]} Kd6 {[%clk 0:16:36]} 48. Kxf4 {[%clk 0:15:47]} e5+
{[%clk 0:16:33]} 49. Rxe5 {[%clk 0:15:43]} g5+ {[%clk 0:16:31]} 50. Rxg5
{[%clk 0:15:40]} Ke6 {[%clk 0:16:29]} 51. Bc5 {[%clk 0:15:35]} Kf6
{[%clk 0:16:25]} 52. h4 {[%clk 0:15:29]} Kf7 {[%clk 0:16:22]} 53. h5
{[%clk 0:15:25]} Ke8 54. h6 {[%clk 0:15:18]} Kf7 {[%clk 0:16:15]} 55. h7
{[%clk 0:15:16]} Ke6 {[%clk 0:16:12]} 56. h8=Q {[%clk 0:15:01]} Kf7
{[%clk 0:16:06]} 57. Re5 {[%clk 0:14:46]} Kg6 {[%clk 0:15:56]} 58. Re6+
{[%clk 0:14:29]} Kf7 {[%clk 0:15:55]} 59. Qf6+ {[%clk 0:14:26]} Kg8
{[%clk 0:15:52]} 60. Qg6+ {[%clk 0:14:14]} Kh8 {[%clk 0:15:47]} 61. Re8# 1-0

[Event "Nationale pupillendag 2013"]
[Site "Roosendaal"]
[Date "2013.06.15"]
[Round "4.7"]
[White "Van Houdt, Björn"]
[Black "Van Dael, Siem"]
[Result "0-1"]
[LiveChessVersion "1.4.2"]
[BlackElo "1454"]
[WhiteElo "648"]

1. e4 {[%clk 0:19:59]} e5 {[%clk 0:19:59]} 2. Nf3 {[%clk 0:19:57]} Nc6
{[%clk 0:19:57]} 3. d4 {[%clk 0:19:55]} exd4 {[%clk 0:19:54]} 4. Nxd4
{[%clk 0:19:53]} Bc5 {[%clk 0:19:52]} 5. c3 {[%clk 0:19:50]} Qf6 {[%clk 0:19:49]}
6. Be3 {[%clk 0:19:47]} Nge7 {[%clk 0:19:45]} 7. Bb5 {[%clk 0:19:42]} d6
{[%clk 0:19:37]} 8. Bxc6+ {[%clk 0:19:39]} Nxc6 {[%clk 0:19:34]} 9. Nd2
{[%clk 0:19:28]} Nxd4 {[%clk 0:19:29]} 10. cxd4 {[%clk 0:19:26]} Bxd4
{[%clk 0:19:27]} 11. Nb3 {[%clk 0:19:15]} Bxe3 {[%clk 0:19:22]} 12. fxe3
{[%clk 0:19:11]} Qxb2 {[%clk 0:19:18]} 13. O-O {[%clk 0:19:03]} Be6
{[%clk 0:19:14]} 14. Nd4 {[%clk 0:18:58]} O-O {[%clk 0:19:05]} 15. Qf3
{[%clk 0:18:47]} c5 {[%clk 0:18:56]} 16. Nxe6 {[%clk 0:18:44]} fxe6
{[%clk 0:18:54]} 17. Qd1 {[%clk 0:18:37]} Rxf1+ {[%clk 0:18:48]} 18. Qxf1
{[%clk 0:18:34]} Rf8 {[%clk 0:18:46]} 19. Qe1 {[%clk 0:18:32]} Qc2
{[%clk 0:18:31]} 20. Rc1 {[%clk 0:18:25]} Qxe4 {[%clk 0:18:29]} 21. Qe2
{[%clk 0:18:20]} a6 {[%clk 0:18:21]} 22. Rf1 {[%clk 0:18:15]} Rxf1+
{[%clk 0:18:19]} 23. Qxf1 {[%clk 0:18:12]} Qxe3+ {[%clk 0:18:17]} 24. Kh1
{[%clk 0:18:11]} b5 {[%clk 0:18:15]} 25. h3 {[%clk 0:18:00]} d5 {[%clk 0:18:13]}
26. Qd1 {[%clk 0:17:51]} c4 {[%clk 0:18:10]} 27. a4 {[%clk 0:17:42]} b4
{[%clk 0:18:06]} 28. Qh5 {[%clk 0:17:32]} Qc1+ {[%clk 0:17:55]} 29. Kh2
{[%clk 0:17:25]} Qf4+ {[%clk 0:17:52]} 30. Kg1 {[%clk 0:17:17]} g6
{[%clk 0:17:50]} 31. Qe2 {[%clk 0:17:09]} Qf5 {[%clk 0:17:37]} 32. Qe3
{[%clk 0:16:59]} a5 {[%clk 0:16:57]} 33. Qc5 {[%clk 0:16:52]} b3 {[%clk 0:16:29]}
34. Qc8+ {[%clk 0:16:48]} Kg7 {[%clk 0:16:25]} 35. Qd7+ {[%clk 0:16:46]} Qf7
{[%clk 0:16:22]} 36. Qb5 {[%clk 0:16:38]} Qa7+ {[%clk 0:16:21]} 37. Qc5
{[%clk 0:16:18]} Qxc5+ {[%clk 0:16:18]} 38. Kh2 {[%clk 0:16:16]} b2
{[%clk 0:16:10]} 39. Kg3 {[%clk 0:16:12]} b1=Q {[%clk 0:16:05]} 40. Kf4
{[%clk 0:16:09]} Qe4+ {[%clk 0:15:59]} 41. Kg5 {[%clk 0:16:06]} h6# 0-1

[Event "Nationale pupillendag 2013"]
[Site "Roosendaal"]
[Date "2013.06.15"]
[Round "4.8"]
[White "Baselmans, Daan"]
[Black "Feenstra, Yannick"]
[Result "1-0"]
[LiveChessVersion "1.4.2"]
[BlackElo "925"]
[WhiteElo "722"]

1. e4 {[%clk 0:19:56]} e5 {[%clk 0:19:59]} 2. Nf3 {[%clk 0:19:54]} Nc6
{[%clk 0:19:56]} 3. Bb5 {[%clk 0:19:52]} Bc5 {[%clk 0:19:52]} 4. O-O
{[%clk 0:19:49]} Nf6 {[%clk 0:19:49]} 5. Nc3 {[%clk 0:19:47]} O-O
{[%clk 0:19:45]} 6. Nd5 {[%clk 0:19:38]} a6 {[%clk 0:19:30]} 7. Bxc6
{[%clk 0:19:35]} bxc6 {[%clk 0:19:27]} 8. Nxf6+ {[%clk 0:19:33]} Qxf6
{[%clk 0:19:23]} 9. h3 {[%clk 0:19:25]} d5 {[%clk 0:18:58]} 10. c3
{[%clk 0:19:23]} dxe4 {[%clk 0:18:55]} 11. Ne1 {[%clk 0:19:14]} Qg6
{[%clk 0:18:43]} 12. d4 {[%clk 0:19:11]} Bxh3 {[%clk 0:18:37]} 13. dxc5
{[%clk 0:19:03]} Rad8 {[%clk 0:18:23]} 14. Qe2 {[%clk 0:19:02]} Rd3
{[%clk 0:18:08]} 15. g3 {[%clk 0:18:29]} Bxf1 {[%clk 0:17:56]} 16. Qxf1
{[%clk 0:18:27]} Rd5 {[%clk 0:17:42]} 17. c4 {[%clk 0:18:20]} Rxc5
{[%clk 0:17:37]} 18. b4 {[%clk 0:18:18]} Rxc4 {[%clk 0:16:44]} 19. Qxc4
{[%clk 0:18:14]} Rd8 {[%clk 0:16:42]} 20. Qxc6 {[%clk 0:17:51]} Rd1
{[%clk 0:16:35]} 21. Qe8# 1-0

[Event "Nationale pupillendag 2013"]
[Site "Roosendaal"]
[Date "2013.06.15"]
[Round "4.9"]
[White "Kien, Clovis"]
[Black "Roskam, Boaz"]
[Result "1-0"]
[LiveChessVersion "1.4.2"]
[BlackElo "343"]
[WhiteElo "687"]

1. e4 {[%clk 0:19:59]} e5 {[%clk 0:20:00]} 2. Nf3 {[%clk 0:19:56]} Nc6
{[%clk 0:19:57]} 3. Nc3 {[%clk 0:19:52]} Nf6 {[%clk 0:19:56]} 4. Bb5
{[%clk 0:19:50]} d6 {[%clk 0:19:49]} 5. d3 {[%clk 0:19:46]} a6 {[%clk 0:19:30]}
6. Ba4 {[%clk 0:19:39]} b5 {[%clk 0:19:28]} 7. Bb3 {[%clk 0:19:38]} b4
{[%clk 0:19:24]} 8. Nd5 {[%clk 0:19:31]} Nxd5 {[%clk 0:19:15]} 9. Bxd5
{[%clk 0:19:26]} Bb7 {[%clk 0:19:08]} 10. Be3 {[%clk 0:19:12]} Be7
{[%clk 0:19:02]} 11. d4 {[%clk 0:18:53]} exd4 {[%clk 0:18:58]} 12. Bxc6+
{[%clk 0:18:50]} Bxc6 {[%clk 0:18:56]} 13. Bxd4 {[%clk 0:18:40]} Bxe4
{[%clk 0:18:54]} 14. Bxg7 {[%clk 0:18:36]} Rg8 {[%clk 0:18:51]} 15. Bd4
{[%clk 0:18:14]} Rxg2 {[%clk 0:18:48]} 16. Qe2 {[%clk 0:17:57]} Bh4
{[%clk 0:18:19]} 17. Qxe4+ {[%clk 0:17:43]} Qe7 {[%clk 0:18:10]} 18. Qxe7+
{[%clk 0:17:41]} Kxe7 {[%clk 0:18:08]} 19. Nxh4 {[%clk 0:17:38]} Rg4
{[%clk 0:18:04]} 20. Nf3 {[%clk 0:17:34]} Re4+ {[%clk 0:18:01]} 21. Be3
{[%clk 0:17:29]} Kf8 {[%clk 0:17:53]} 1-0

[Event "Nationale pupillendag 2013"]
[Site "Roosendaal"]
[Date "2013.06.15"]
[Round "4.10"]
[White "Piersma, Wisse"]
[Black "Beukema, Constantijn"]
[Result "1-0"]
[LiveChessVersion "1.4.2"]
[BlackElo "516"]
[WhiteElo "602"]

1. e4 {[%clk 0:19:55]} e5 {[%clk 0:19:59]} 2. Nf3 {[%clk 0:19:53]} Nc6
{[%clk 0:19:57]} 3. d4 {[%clk 0:19:51]} exd4 {[%clk 0:19:47]} 4. Nxd4
{[%clk 0:19:49]} Qe7 {[%clk 0:19:33]} 5. Nc3 {[%clk 0:19:45]} Nxd4
{[%clk 0:19:26]} 6. Qxd4 {[%clk 0:19:40]} Nf6 {[%clk 0:19:22]} 7. Bg5
{[%clk 0:19:15]} c5 {[%clk 0:18:52]} 8. Qd3 {[%clk 0:18:36]} g6 {[%clk 0:18:47]}
9. Qf3 {[%clk 0:18:15]} Bg7 {[%clk 0:18:42]} 10. Bc4 {[%clk 0:17:48]} O-O
{[%clk 0:18:36]} 11. O-O {[%clk 0:17:40]} d6 {[%clk 0:18:25]} 12. Nd5
{[%clk 0:16:55]} Qxe4 {[%clk 0:17:50]} 13. Bxf6 {[%clk 0:16:11]} Qxc4
{[%clk 0:17:40]} 14. Bxg7 {[%clk 0:15:26]} Kxg7 {[%clk 0:17:37]} 15. Rae1
{[%clk 0:14:34]} Be6 {[%clk 0:17:35]} 16. Qf6+ {[%clk 0:14:20]} Kg8
{[%clk 0:17:30]} 17. Ne7# {[%clk 0:14:10]} 1-0